1534 1865 1389 1434 1446 1191 1531 1884 1680 1302 1249 1640 1930 1331 1221 1425 1107 1085 1169 1339 1474 1164 1895 1421 1914 1011 1460 1370 1624 1617 1007 1601 1331 1612 1207 1116 1481 1685 1328 1949 1830 1405 1613 1679 1478 1080 1336 1601 1368 1169 1162 1255 1567 1018 1046 1138 1928 1165 1318 1776 1139 1281 1538 1144 1094 1481 1601 1900 1677 1063 1885 1600 1745 1352 1610 1859 1986 1225 1022 1430 1684 1373 1648 1452 1191 1048 1718 1889 1415 1525 1369 1775 1525 1878 1370 1664 1218 1338 1311 BCNSPRNW ULIB Ver.6.0+V

เปลี่ยนเป็นภาษาไทย

Change to English
 แสดงรายละเอียดบรรณานุกรม
  กลับหน้าหลัก

Brief Record : Get Marc (ISO 2709) : E-mail record : QR code < ปิดหน้าต่าง
LEADER : 00000nam 2200000uu 4500
001    13399122972
003     ULIB
008    131118s2556||||th 000 0 tha d
020    ^a978160608263
090    ^aนว.^bถ315ป
100 0  ^aถังอิน
245 00 ^aแรกพบจรดใจรัก/^cผู้เขียน ถังอิน แปลโดย Honey Toast
250    ^aพิมพ์ครั้งที่ 2
260    ^aกรุงเทพฯ:^bแจ่มใส, 2556
300    ^a234 หน้า
945    ^p159^l0^i034165
999    ^aเกษร โพธิ์สุวรรณ
รายการนี้ยังไม่มีแท็ก
คุณยังไม่ได้ล็อกอิน คุณสามารถมีกิจกรรมร่วมกับเว็บไซต์ได้ แต่ต้องล็อกอินก่อน ::
  ล็อกอิน

รายการสื่อสารสนเทศ

ลำดับที่ ประเภท เลขเรียก/บาร์โค้ด สถานที่ สถานะ
1. นวนิยาย
นวนิยาย
นว. ถ315ป  
  Barcode: 034165
ห้องสมุดวิทยาเขตสวรรค์ประชารักษ์
►นวนิยาย
บนชั้น
  ขอยืม
Note:อ.จุฑารัตน์ สว่างชัย บริจาค

BibComment


ยังไม่เคยถูกคอมเมนท์

คอมเมนท์ทรัพยากรรายการนี้
  คอมเมนท์: แรกพบจรดใจรัก ผู..


 Copyright 2026. Bcnsprnw @Library